Catálogo público

Reproducción e inseminación artificial en animales / (Record no. 167938)

MARC details
000 -CABECERA
campo de control de longitud fija 01359nam a2200373Ia 4500
001 - NÚMERO DE CONTROL
campo de control Z_4884
003 - IDENTIFICADOR DEL NÚMERO DE CONTROL
campo de control CHAP
008 - DATOS DE LONGITUD FIJA--INFORMACIÓN GENERAL
campo de control de longitud fija 220113s2=00 xx 000 0 und d
010 ## - NÚMERO DE CONTROL DE LA BIBLIOTECA DEL CONGRESO
Número de control de LC 167938
020 ## - NÚMERO INTERNACIONAL ESTÁNDAR DEL LIBRO
Número Internacional Estándar del Libro 978-970-10-3719-5
040 ## - FUENTE DE LA CATALOGACIÓN
Centro/agencia transcriptor CHAP
082 ## - NÚMERO DE LA CLASIFICACIÓN DECIMAL DEWEY
Número de clasificación 636.0824 R47 2002
240 ## - TÍTULO UNIFORME
Título uniforme Reproduction in farm animals
245 ## - MENCIÓN DE TÍTULO
Título Reproducción e inseminación artificial en animales /
Mención de responsabilidad, etc. editores E. S. E. Hafez, B. Hafez; traductor Gullermina Féher de la Torre; revisión técnica José Luis Espinoza Villavicencio
250 ## - MENCIÓN DE EDICIÓN
Mención de edición 7a ed.
260 ## - PUBLICACIÓN, DISTRIBUCIÓN, ETC.
Lugar de publicación, distribución, etc. México :
Nombre del editor, distribuidor, etc. McGraw-Hill Interamericana,
Fecha de publicación, distribución, etc. 2002
300 ## - DESCRIPCIÓN FÍSICA
Extensión xiii, 519 p.
500 ## - NOTA GENERAL
Nota general Traducción de la obra en inglés: Reproduction in farm animals, 7th ed. de 2000
503 ## - NOTA DE HISTORIA BIBLIOGRÁFICA (BK CF MU) [OBSOLETO]
Nota de historia bibliográfica ej.1: s/n \ ej.4: C/E \ ej.5: C/E \ ej.6: C/E \ ej.8: C/E \ ej.9: C/E \ ej.10: C/E \ ej.12: 0112
504 ## - NOTA DE BIBLIOGRAFÍA, ETC.
Nota de bibliografía, etc. Incluye bibliografía
650 ## - PUNTO DE ACCESO ADICIONAL DE MATERIA--TÉRMINO DE MATERIA
Término de materia o nombre geográfico como elemento de entrada Fisiología veterinaria
9 (RLIN) 132539
650 ## - PUNTO DE ACCESO ADICIONAL DE MATERIA--TÉRMINO DE MATERIA
Término de materia o nombre geográfico como elemento de entrada Inseminación artificial
9 (RLIN) 58964
650 ## - PUNTO DE ACCESO ADICIONAL DE MATERIA--TÉRMINO DE MATERIA
Término de materia o nombre geográfico como elemento de entrada Reproducción animal
9 (RLIN) 96028
700 ## - PUNTO DE ACCESO ADICIONAL--NOMBRE DE PERSONA
Nombre de persona Espinoza Villavicencio, José Luis, rev.
9 (RLIN) 142180
700 ## - PUNTO DE ACCESO ADICIONAL--NOMBRE DE PERSONA
Nombre de persona Féher de la Torre, Gullermina, tr.
9 (RLIN) 142181
700 ## - PUNTO DE ACCESO ADICIONAL--NOMBRE DE PERSONA
Nombre de persona Hafez, B., ed.
9 (RLIN) 142182
700 ## - PUNTO DE ACCESO ADICIONAL--NOMBRE DE PERSONA
Nombre de persona Hafez, Elsayed Saad Eldin, ed.
9 (RLIN) 138008
901 ## - ELEMENTOS DE DATOS A LOCAL LDA (RLIN)
a 636.0824 R47 2002
902 ## - ELEMENTOS DE DATOS B LOCAL, LDB (RLIN)
a M
910 ## - DATOS DE OPCIÓN DEL USUARIO (OCLC)
Datos de opción del usuario 2=00
942 ## - ELEMENTOS DE PUNTO DE ACCESO ADICIONAL (KOHA)
Tipo de ítem Koha Libro_
942 ## - ELEMENTOS DE PUNTO DE ACCESO ADICIONAL (KOHA)
Tipo de ítem Koha
Holdings
Estado de retiro Estado de pérdida Fuente del sistema de clasificación o colocación Estado dañado Restricciones de uso No para préstamo Código de colección Localización permanente Ubicación/localización actual Fecha de adquisición Signatura topográfica completa Código de barras Fecha visto por última vez Número de copia Precio válido a partir de Tipo de ítem Koha Fuente de adquisición Número de inventario Ubicación en estantería Total de préstamos Fecha del último préstamo Renovaciones totales
    Dewey Decimal Classification   Préstamo interno   General Zootecnia Zootecnia 09/11/2005 636.0824 R47 2002 z_4971 18/01/2022 1 18/01/2022 Libro            
    Dewey Decimal Classification   Préstamo interno   General Zootecnia Zootecnia 18/10/2004 636.0824 R47 2002 5102004972 18/01/2022 Ej.2 18/01/2022 Libro Compra C/E        
    Dewey Decimal Classification       General Zootecnia Zootecnia 09/11/2005   z_4973 18/01/2022 3 18/01/2022 Libro            
    Dewey Decimal Classification       General Zootecnia Zootecnia 20/09/2006   z_5307 11/05/2023 4 18/01/2022 Libro       1 11/05/2023  
    Dewey Decimal Classification       General Zootecnia Zootecnia 20/09/2006   z_5311 23/11/2022 5 18/01/2022 Libro       1 18/11/2022  
    Dewey Decimal Classification       General Zootecnia Zootecnia 21/11/2007   z_5402 17/04/2023 6 18/01/2022 Libro       1 17/04/2023  
    Dewey Decimal Classification       General Zootecnia Zootecnia 21/11/2007   z_5403 18/01/2022 7 18/01/2022 Libro            
    Dewey Decimal Classification       General Zootecnia Zootecnia 06/12/2008   z_5588 18/01/2022 8 18/01/2022 Libro            
    Dewey Decimal Classification       General Zootecnia Zootecnia 06/12/2008   z_5589 18/01/2022 9 18/01/2022 Libro            
    Dewey Decimal Classification       General Zootecnia Zootecnia 06/12/2008   z_5590 09/10/2024 10 18/01/2022 Libro       1 23/09/2024 1
    Dewey Decimal Classification       General Zootecnia Zootecnia 06/12/2008   z_5591 14/11/2024 11 18/01/2022 Libro       4 30/10/2024 4
    Dewey Decimal Classification       General Zootecnia Zootecnia 25/06/2013   z_6092 02/10/2025 12 18/01/2022 Libro       7 26/09/2025 5